Quizzes
Events
Quiz Creation
Community
Videos
Private Events
Remove Ads
Sign In
Join for FREE
Feedback
Dark Mode
Quiz Categories
Sports
Geography
Music
Movies
Television
Just For Fun
Miscellaneous
History
Literature
Language
Science
Gaming
Entertainment
Religion
Holiday
For Kids
Quiz Lab
Recent
Popular Today
Quiz Kudos Today
Editor Picks
Curator Picks
Quizzes by...
Day
Popularity
Type
Ratings
Length
Year
Community
Subscriptions
Recent Discussions
Orange Saloon
Badges
Playlists
Quests
Create
Leaderboards
Showdown
Live 5
Trivia Bingo
Activity
Puzzle Library
Sporcle Events
Private Events
Virtual Trivia
Globe League
Become a Host
Pub Owners
SporcleCon
Opinionation
Our Games
Videos
Blog
Mobile Apps
Partnerships
Remove Ads and Go Orange
Feedback
Television
TV Characters
TV Show
Sitcom
Network
Friends
Reality Shows
Cast
South Park
Star Trek
The Simpsons
Doctor Who
Television
TV Characters
TV Show
Sitcom
Network
Friends
Reality Shows
Cast
South Park
Star Trek
The Simpsons
Doctor Who
Random Quiz
Search Sporcle
×
Quiz Lab
Quiz Lab
Television
Type in answers that appear in a list
Type in answers that appear in a list
Classic
Best Score? Go Orange.
Numbers on TV Stats
Can you name the TV shows with numbers in their names based on their descriptions?
By
Happysunshine87
6m
21 Questions
226 Plays
226 Plays
226 Plays
Comments
Comments
Give Quiz Kudos
Give Quiz Kudos
-
- Ratings
hide this ad
More Info
Forced Order
Answers have to be entered in order
Answers have to be entered in order
Replay
Link that replays current quiz
Next Quiz
Link to next quiz in quiz playlist
You Got
0%
They Got
Avg Score
61%
Avg Friend Score
Upgrade to see
Score Distribution
Jump to the score distribution portion of the page
Score
0/21
Timer
06:00
0
Plays Today
Description
TV show
% Correct
Jack Bauer works to protect people against terrorism in this hour-
long drama.
24
88.9%
This show might just be the only sitcom to ever feature a fraction with its three men, well almost!
Two and a Half Men
88.9%
This teenage-
based show is simply not a number, but a zipcode that was later remade.
Beverly Hills, 90210
88.9%
A man uses mathematical equations to solve crime. (The title says it all).
Numb3rs
82.7%
This sitcom was based upon teenage life from a couple decades ago featuring Ashton Kutcher.
That 70's Show
81%
This Hawaii-
based crime drama shows the investigations of a special police unit.
Hawaii Five-0
77.9%
This 42 year old nightly news show always ends with a note from Andy Rooney.
60 Minutes
76.1%
In this show, Liz Lemon must write her sketch comedy show.
30 Rock
74.3%
This sitcom featured the late John Ritter and concentrates on the lives of a family with three teenage kids.
8 Simple Rules (for Dating My Teenage Daughter)
71.7%
This dark drama focuses on the family that owns a funeral home.
Six Feet Under
69%
This drama is about the lives of a family with seven children and how they deal with relationships and life.
7th Heaven
65.9%
Description
TV show
% Correct
This group of aliens must blend it with the human race assuming the identites of a typical family in Rutherford, Ohio.
3rd Rock From the Sun
62.4%
He became 'Better, stronger, faster' in this 1974 show with Lee Majors.
Six Million Dollar Man
60.6%
Fred MacMurray was all alone raising his _
_
_
_
sons.
My Three Sons
55.3%
This crime drama shows the undercover work of young-
looking cops in teenage themed places.
21 Jump Street
52.7%
These two men must raise a girl together after her mother dies without revealing which one is her father.
My Two Dads
49.6%
This 2003 teenage-
spirited drama shows the lives of some high school kids in North Carolina.
One Tree Hill
38.1%
This 1975 show featured a young Valerie Bertinelli, a single mother, and their building superintendent.
One Day at a Time
36.7%
This soap opera takes place in the fictional town of Llanview and shows the lives of the Wolek, Riley, and Lord families.
One Life to Live
30.5%
This 80's sitcom is about the residents who all lived in a Washington D.C. apartment.
227
21.2%
This astronaut is sucked into the future... Five centuries into the future!
Buck Rogers in the 25th Century
17.7%
Quiz Playlist
Details
Report
Send in Message
Add To Playlist
More Info:
Good Luck! :):):)
Classic:
Type in answers that appear in a list
Forced Order:
Answers have to be entered in order
Quiz Source
Last Updated: Feb 16, 2017
Quiz Scoreboard
CHALLENGE
Sign Up to Join the Scoreboard
Show All
Scores
Hide
Comments
May contain spoilers
Recently Published
Popular People in 1961
by mucciniale
History
6m
1-10 Letter E Words III
by El_Dandy
Language
2m
One Thing in Common: World Cities II
by knightlancer
Geography
7m
More to Explore
Quiz From the Vault
Featured Blog Post
Where Did the Easter Bunny Come From?
hide this ad
You Might Also Like...
Tags
This quiz does not have any tags.
Today's Top Quizzes in Television
Browse Television
hide this ad
Top Contributed Quizzes in Television
1
One Piece Logic Puzzle
2
Survivor Logic Puzzle: Heroes vs. Villains
3
Survivor Seasons
4
Survivor Season by Logo
5
Survivor Trivia
6
Survivor Logic Puzzle: Winners at War
7
Ultimate Survivor Logic Puzzle
8
Phoebe Buffay Quotes
9
Emmerdale Characters (from August 2012)
10
One Thing in Common: Television
Explore More
Trending Topics
Crossword
Harry Potter
Kpop
Marvel
Anime
NBA
Disney
Soccer
Song
Puzzle
Country
NFL
WWE
Pokémon
The Office
hide this ad
More By:
Happysunshine87
Quiz
Plays
Rating
Category
Featured
Created
Second 'E' Countries
96,487
4.48
Geography
Mar 22, 2010
Countries with last letter a
315
4.50
Geography
Mar 23, 2010
Movie by Character Last Name
278
4.20
Movies
Aug 15, 2010
Numbers on TV
226
4.00
Television
Aug 21, 2010
States Without Helmets
221
4.00
Just For Fun
Jul 13, 2010
Go to Creator's Profile
Score Distribution
Quiz Creator Spotlight
Happysunshine87
Follow
Send a Message
Quizzes Created
-
Created Quiz Play Count
-
More By This Creator
Popular Quizzes Today
1
Find the US States - No Outlines Minefield
2
The Countries of the World
3
Find the Countries of Europe - No Outlines Minefield
4
Popular People in 1961
5
1-10 Letter E Words III
6
Find the US States
7
One Thing in Common: World Cities II
8
US States
More Television Quizzes
Click the SpongeBob Title Cards (Season 3)
Quiz Lab
Trending Quizzes
Risky Map Clicking: Least Populous States A-Z
1-10 Letter F Words
1-10 Letter G Words
One Thing in Common: United Kingdom
Risky Map Clicking: Next State Alphabetically
Recently Updated
Leaping Animals
pecheneg
Reality TV Shows (A-Z)
bhenderson79
Rickey Henderson's Hall of Fame Teammates
pecheneg
Champions League XIs: Arsenal
pecheneg
Quick Pick: Celebrities in WWE's Hall of Fame
aduchscher
A-Z Keypad Blitz II
pecheneg
Multiple Oscar Actors
pecheneg
Mystery Phrase Blitz: Oscar 'Best Actors'
pecheneg
F. Scott Fitzgerald Novels
LTH
Pick 3 Villains
ddd62291
Trending Topics
Disney
Kpop
Marvel
Anime
Crossword
Harry Potter
NBA
Puzzle
WWE
Pokémon
Song
Country
Soccer
The Office
NFL
Your Account Isn't Verified!
In order to create a playlist on Sporcle, you need to verify the email address you used during registration. Go to your
Sporcle Settings
to finish the process.
Report this User
Report this user for behavior that violates our
Community Guidelines
.
Details:
Send Report
Go to the Sporcle.com Mobile Site →
Comments